|
|
|
|
| LEADER |
01381nam a2200397 a 4500 |
| 001 |
000635042 |
| 003 |
CZ BrMZK |
| 005 |
20021219125613.0 |
| 007 |
ta |
| 008 |
021108s2002 xr f cze d |
| 015 |
|
|
|a cnb001182476
|
| 020 |
|
|
|a 80-86528-13-8
|
| 035 |
|
|
|a (OCoLC)53271132
|
| 040 |
|
|
|a BOA001
|b cze
|
| 043 |
|
|
|a e-xr---
|b e-xr-zl
|2 czenas
|
| 080 |
|
|
|a (437.323)
|2 MRF
|
| 080 |
|
|
|a (048.8)
|2 MRF
|
| 080 |
|
|
|a 72:904
|2 MRF
|
| 080 |
|
|
|a 72/76:904
|2 MRF
|
| 100 |
1 |
|
|a Spathová, Jana,
|d 1957-
|7 mzk2002156802
|4 aut
|
| 245 |
1 |
0 |
|a Stavební a umělecké památky /
|c Jana Spathová
|
| 246 |
3 |
3 |
|a Stavební a umělecké památky Zlínského kraje
|
| 250 |
|
|
|a Vyd. 1.
|
| 260 |
|
|
|a Velehrad :
|b Ottobre 12,
|c 2002
|
| 300 |
|
|
|a 125 s. :
|b il. ;
|c 15 x 19 cm
|
| 490 |
1 |
|
|a Zlínský kraj ;
|v 1
|
| 504 |
|
|
|a Obsahuje bibliografii
|
| 650 |
0 |
7 |
|a architektonické památky
|7 ph118585
|z Česko
|2 czenas
|
| 650 |
0 |
7 |
|a umělecké památky
|7 ph126896
|z Česko
|2 czenas
|
| 655 |
|
7 |
|a přehledy
|7 fd133202
|2 czenas
|
| 651 |
|
7 |
|a Zlínský kraj (Česko : 2000-)
|7 ge134376
|2 czenas
|
| 830 |
|
0 |
|a Zlínský kraj
|0 s
|
| 910 |
|
|
|a BOA001
|b 1-1108.499
|
| 990 |
|
|
|a BK
|
| 996 |
6 |
|
|b 2610175155
|c 1-1108.499
|l MZK
|r Sklad / do 1 hodiny
|n 8
|p p.v.
|w 000635042
|u 000010
|a 1
|e BOA001
|j MZK50
|s P
|
| 996 |
7 |
|
|b 2610177363
|c 1-1108.499
|l MZK
|r Sklad / do 1 hodiny
|n 9
|p p.v.
|w 000635042
|u 000020
|a 1
|e BOA001
|j MZK50
|s A
|